Southville International School and Colleges
Your cart is empty.
  • Cart
  • Lists
    Public lists Eva Luna New books Lux_list list_1
    Your lists Log in to create your own lists
  • Log in to your account
  • Your cookies
  • Search history
Southville International School and Colleges
  • Advanced search
  • Recent comments
  • Most popular
  • Libraries

Log in to your account

Log in with GOOGLE


If you do not have an external account, but do have a local account, you can still log in:

  1. Home
  2. MARC view: Red bus /
Normal view MARC view ISBD view

Red bus / (Record no. 112076)

[ view plain ]
MARC details
000 -LEADER
fixed length control field 00388nam a2200157 a 4500
001 - CONTROL NUMBER
control field 0045
005 - DATE AND TIME OF LATEST TRANSACTION
control field 20140414131927.0
008 - FIXED-LENGTH DATA ELEMENTS--GENERAL INFORMATION
fixed length control field 040131s19uu xx 00 eng d
020 ## - INTERNATIONAL STANDARD BOOK NUMBER
International Standard Book Number 0-688-12443-7
050 ## - LIBRARY OF CONGRESS CALL NUMBER
Classification number ER
Item number R22 1993
100 ## - MAIN ENTRY--PERSONAL NAME
Personal name Giffard, Hannah
245 ## - TITLE STATEMENT
Title Red bus /
Statement of responsibility, etc Hannah Giffard.
260 ## - PUBLICATION, DISTRIBUTION, ETC. (IMPRINT)
Place of publication, distribution, etc Italy :
Name of publisher, distributor, etc Tambourine books,
Date of publication, distribution, etc 1993.
300 ## - PHYSICAL DESCRIPTION
Extent p. ; cm.
Holdings
Withdrawn status Lost status Damaged status Home library Current library Shelving location Date acquired Source of acquisition Total Checkouts Full call number Barcode Date last seen Price effective from Koha item type
      Munich Library Munich Library Easy Reading Section 01/31/2004     ER R22 1993 M3102 04/14/2014 04/14/2014 Books

Red bus /

APA

Giffard H., . (1993). Red bus. Italy: Tambourine books.

Chicago

Giffard Hannah, . 1993. Red bus. Italy: Tambourine books.

Harvard

Giffard H., . (1993). Red bus. Italy: Tambourine books.

MLA

Giffard Hannah, . Red bus. Italy: Tambourine books. 1993.

  • Place hold
  • Print
  • Cite
  • Add to your cart (remove)
  • Save record
    BIBTEX Dublin Core MARCXML MARC (non-Unicode/MARC-8) MARC (Unicode/UTF-8) MARC (Unicode/UTF-8, Standard) MODS (XML) RIS
  • More searches
    Search for this title in:
    Other Libraries (WorldCat) Other Databases (Google Scholar) Online Stores (Bookfinder.com) Open Library (openlibrary.org)

Exporting to Dublin Core...

SOUTHVILLE LIBRARY

Southville International School and Colleges Library

1281 Tropical Ave. Cor. Luxembourg St., BF Homes International, Las Pinas City

Tel. No. 8256374 / 252358 Loc. 117/146

Powered by Koha